[Event "119th Scottish Championship"]
[Site "Glasgow"]
[Date "2012.07.10"]
[Round "4"]
[White "Sigurdsson, Birkir Karl"]
[Black "McGeoch, Kenny R"]
[Result "0-1"]
[WhiteElo "1709"]
[BlackElo "1846"]
[PlyCount "96"]
[EventDate "2012.07.07"]
[EventType "swiss"]
[EventRounds "9"]
[EventCountry "SCO"]
[Source "Chess Scotland"]
[SourceDate "2012.07.24"]

1. d4 d5 2. c4 c6 3. Nc3 Nf6 4. Bf4 dxc4 5. a4 Nd5 6. Nxd5 cxd5 7. e4 e6 8.
exd5 exd5 9. Nf3 Bb4+ 10. Bd2 Bxd2+ 11. Qxd2 Nc6 12. Be2 Qa5 13. Qxa5 Nxa5 14.
Nd2 Nc6 15. Nf3 Bg4 16. O-O O-O 17. h3 Rfe8 18. Bd1 Bf5 19. Kh2 Bd3 20. Rg1 Be2
21. Kg3 Bxd1 22. Rgxd1 Re2 23. Rab1 a5 24. b3 c3 25. Rdc1 c2 26. Rb2 Nb4 27.
Ne1 Rxe1 28. Rxe1 Nd3 29. Rxc2 Nxe1 30. Rc7 Nd3 31. Rxb7 h6 32. Rb5 Nb4 33. Kf4
Ra6 34. f3 f6 35. Kg4 Nc2 36. Kh5 Nxd4 37. Rxd5 Nxb3 38. Kg6 f5+ 39. Kxf5 Rc6
40. Rd8+ Kh7 41. Rb8 Nc5 42. Rb5 Nxa4 43. Kf4 Rc5 44. Rb8 Nc3 45. Ra8 a4 46.
Ra7 Rc6 47. Ke3 Rd6 48. g4 Na2 0-1

[Event "119th Scottish Championship"]
[Site "Glasgow"]
[Date "2012.07.10"]
[Round "4"]
[White "Berry, Neil"]
[Black "Giulian, Rosemary A"]
[Result "1/2-1/2"]
[WhiteElo "2254"]
[BlackElo "1918"]
[PlyCount "62"]
[EventDate "2012.07.07"]
[EventType "swiss"]
[EventRounds "9"]
[EventCountry "SCO"]
[Source "Chess Scotland"]
[SourceDate "2012.07.24"]

1. d4 e6 2. c4 Nf6 3. g3 Bb4+ 4. Bd2 Bxd2+ 5. Qxd2 d5 6. Nf3 O-O 7. Bg2 c6 8.
O-O Nbd7 9. Qc2 b6 10. Nbd2 Bb7 11. Rfd1 Qe7 12. e4 dxe4 13. Nxe4 Nxe4 14. Qxe4
Nf6 15. Qe2 Rfe8 16. Rd2 c5 17. Rad1 cxd4 18. Nxd4 Bxg2 19. Kxg2 e5 20. Nf5 Qc5
21. Rd3 Re6 22. Rd8+ Re8 23. Rxe8+ Rxe8 24. Rd6 Kh8 25. Qd2 Qxc4 26. Rd8 Rxd8
27. Qxd8+ Ng8 28. Ne7 f6 29. Qb8 Qxa2 30. Nxg8 Qxg8 31. Qxa7 Qd8 1/2-1/2

[Event "119th Scottish Championship"]
[Site "Glasgow"]
[Date "2012.07.10"]
[Round "4"]
[White "Aird, Ian"]
[Black "Lagerman, Robert"]
[Result "0-1"]
[WhiteElo "2000"]
[BlackElo "2315"]
[PlyCount "102"]
[EventDate "2012.07.07"]
[EventType "swiss"]
[EventRounds "9"]
[EventCountry "SCO"]
[Source "Chess Scotland"]
[SourceDate "2012.07.24"]

1. e4 e5 2. Nf3 Nc6 3. Bc4 Nf6 4. d3 h6 5. O-O d6 6. Re1 g6 7. d4 Qe7 8. Nc3
Bg7 9. Nd5 Qd8 10. dxe5 dxe5 11. b3 O-O 12. Bb2 Bg4 13. h3 Bxf3 14. Qxf3 Nd4
15. Qd1 c6 16. Nxf6+ Qxf6 17. c3 Ne6 18. Qg4 h5 19. Qg3 Nf4 20. Rad1 Rfd8 21.
Bc1 b5 22. Bf1 Rxd1 23. Rxd1 Rd8 24. Rxd8+ Qxd8 25. Qf3 Ne6 26. Qd3 Qa5 27. Qc2
Bf8 28. Be3 Qc7 29. Qd2 Bc5 30. Be2 Bxe3 31. Qxe3 Qa5 32. Qd2 Qa3 33. g3 a5 34.
Kg2 Qc5 35. Qe3 Qxe3 36. fxe3 Nc5 37. Kf3 b4 38. cxb4 axb4 39. Bc4 Kf8 40. Be2
Nb7 41. Bd1 Nd6 42. Be2 Ke7 43. Bd3 Kd7 44. Ke2 Kc7 45. Kd2 Kb6 46. Kc2 f6 47.
h4 c5 48. Kd2 c4 49. Bc2 c3+ 50. Kd3 Kc5 51. Bb1 f5 0-1

[Event "119th Scottish Championship"]
[Site "Glasgow"]
[Date "2012.07.10"]
[Round "4"]
[White "Brown, Ken A"]
[Black "Bea, Boglarka"]
[Result "0-1"]
[WhiteElo "1773"]
[BlackElo "2178"]
[PlyCount "40"]
[EventDate "2012.07.07"]
[EventType "swiss"]
[EventRounds "9"]
[EventCountry "SCO"]
[Source "Chess Scotland"]
[SourceDate "2012.07.24"]

1. e4 c5 2. Nf3 e6 3. d4 cxd4 4. Nxd4 Nc6 5. Be3 Qc7 6. Nc3 a6 7. Bd3 Nf6 8.
O-O Be7 9. f4 d6 10. e5 dxe5 11. Nxc6 bxc6 12. Ne4 Nd5 13. Qf3 f5 14. fxe5 Qxe5
15. Qg3 Qxg3 16. Nxg3 Nxe3 17. Rf3 Bc5 18. Kh1 O-O 19. Re1 Nd5 20. a3 a5 0-1

[Event "119th Scottish Championship"]
[Site "Glasgow"]
[Date "2012.07.10"]
[Round "4"]
[White "Villwock, Martin"]
[Black "Thorfinnsson, Bragi"]
[Result "0-1"]
[WhiteElo "2176"]
[BlackElo "2465"]
[PlyCount "104"]
[EventDate "2012.07.07"]
[EventType "swiss"]
[EventRounds "9"]
[EventCountry "SCO"]
[Source "Chess Scotland"]
[SourceDate "2012.07.24"]

1. e4 e5 2. Nf3 Nc6 3. Bb5 a6 4. Bxc6 dxc6 5. O-O Bg4 6. h3 Bh5 7. d3 f6 8. Be3
c5 9. Nbd2 Bd6 10. c3 Ne7 11. Qe2 Nc6 12. Rfd1 Qe7 13. Nf1 Bf7 14. Ng3 g6 15.
Bh6 Be6 16. b4 cxb4 17. d4 Bd7 18. d5 Nd8 19. c4 b6 20. Ne1 Nb7 21. Nd3 a5 22.
Rf1 Nc5 23. Kh1 Nxd3 24. Qxd3 g5 25. Qf3 Rg8 26. Nf5 Qf7 27. h4 Bxf5 28. exf5
g4 29. Qe4 Qh5 30. Be3 Qxh4+ 31. Kg1 Qh5 32. g3 Rd8 33. Rac1 Qh3 34. c5 bxc5
35. Bxc5 Rg5 36. Bxd6 Rh5 37. Qg2 Qxg2+ 38. Kxg2 cxd6 39. Rh1 Rxh1 40. Rxh1 Rd7
41. Rh4 Rb7 42. Rxg4 a4 43. Rc4 b3 44. axb3 axb3 45. Rc1 b2 46. Rb1 Kf7 47. Kf3
h5 48. Ke4 Kg7 49. f4 Rb4+ 50. Ke3 exf4+ 51. gxf4 h4 52. Kf3 h3 0-1

[Event "119th Scottish Championship"]
[Site "Glasgow"]
[Date "2012.07.10"]
[Round "4"]
[White "Sreeves, Clement"]
[Black "Teterev, Vitaly"]
[Result "1/2-1/2"]
[WhiteElo "2175"]
[BlackElo "2530"]
[PlyCount "81"]
[EventDate "2012.07.07"]
[EventType "swiss"]
[EventRounds "9"]
[EventCountry "SCO"]
[Source "Chess Scotland"]
[SourceDate "2012.07.24"]

1. e4 c5 2. Nf3 e6 3. d4 cxd4 4. Nxd4 a6 5. Nc3 Qc7 6. Bd3 Nc6 7. Nxc6 dxc6 8.
O-O e5 9. f4 Nf6 10. f5 Bc5+ 11. Kh1 b5 12. Qf3 Bb7 13. Qg3 Kf8 14. Bd2 h6 15.
Rae1 Rd8 16. Nd1 Be7 17. Bc1 c5 18. c3 Kg8 19. Nf2 Kh7 20. Bc2 Rd7 21. Qf3 Rd6
22. g4 Nd7 23. Rd1 Rxd1 24. Rxd1 Rd8 25. Rg1 Bg5 26. Bxg5 hxg5 27. h4 Qd6 28.
Rd1 Qe7 29. Qe3 Nb6 30. Rxd8 Qxd8 31. hxg5 Nc4 32. Qh3+ Kg8 33. g6 fxg6 34.
fxg6 Qf6 35. Qh7+ Kf8 36. Kg1 Ne3 37. Qh8+ Ke7 38. Qb8 Qf3 39. Qxb7+ Kd8 40.
Qb8+ Kd7 41. Qb7+ 1/2-1/2

[Event "119th Scottish Championship"]
[Site "Glasgow"]
[Date "2012.07.10"]
[Round "4"]
[White "Gormally, Daniel"]
[Black "Mitchell, Robert"]
[Result "1-0"]
[WhiteElo "2505"]
[BlackElo "2125"]
[PlyCount "61"]
[EventDate "2012.07.07"]
[EventType "swiss"]
[EventRounds "9"]
[EventCountry "SCO"]
[Source "Chess Scotland"]
[SourceDate "2012.07.24"]

1. e4 c5 2. Nf3 e6 3. c3 d5 4. e5 Nc6 5. d4 Qb6 6. a3 Bd7 7. b4 cxd4 8. cxd4
Rc8 9. Be3 Nh6 10. Bd3 Ng4 11. O-O Nxe3 12. fxe3 Be7 13. Nbd2 Nb8 14. Qe2 O-O
15. Nb3 a6 16. Nc5 Bb5 17. Bxb5 axb5 18. Rfc1 Rc7 19. Rc3 Rfc8 20. Rac1 Bd8 21.
e4 dxe4 22. Qxe4 Qc6 23. Qd3 f5 24. exf6 Bxf6 25. Nxe6 Qxc3 26. Rxc3 Rxc3 27.
Qxb5 Nc6 28. Qxb7 Ne7 29. Qe4 h6 30. Ne5 Rxa3 31. d5 1-0

[Event "119th Scottish Championship"]
[Site "Glasgow"]
[Date "2012.07.10"]
[Round "4"]
[White "Noordhoek, Henk"]
[Black "Greet, Andrew"]
[Result "0-1"]
[WhiteElo "2095"]
[BlackElo "2440"]
[PlyCount "80"]
[EventDate "2012.07.07"]
[EventType "swiss"]
[EventRounds "9"]
[EventCountry "SCO"]
[Source "Chess Scotland"]
[SourceDate "2012.07.24"]

1. e4 e5 2. Nf3 Nc6 3. Bc4 Nf6 4. O-O Nxe4 5. Qe2 d5 6. Bb5 Bg4 7. Bxc6+ bxc6
8. Qa6 f6 9. Qxc6+ Kf7 10. d3 Nc5 11. d4 Bxf3 12. dxc5 Bg4 13. f4 Qd7 14. Qxd7+
Bxd7 15. c6 Bxc6 16. fxe5 Bc5+ 17. Kh1 Rae8 18. Nd2 Rxe5 19. Nf3 Re7 20. Bf4
Rhe8 21. c3 Bb5 22. Rfe1 Bb6 23. b4 Bc4 24. a3 Rxe1+ 25. Rxe1 Rxe1+ 26. Nxe1
Ke6 27. g4 g5 28. Bd2 Bf1 29. a4 a5 30. Nc2 axb4 31. cxb4 Bd3 32. Ne3 d4 33.
Nd1 Be2 34. Nf2 Bf3+ 35. Kg1 Kd5 36. h3 Kc4 37. Kf1 c6 38. Ke1 Bc7 39. Kf1 Bd6
40. a5 Bxb4 0-1

[Event "119th Scottish Championship"]
[Site "Glasgow"]
[Date "2012.07.10"]
[Round "4"]
[White "Marks, Ian A"]
[Black "Dunnington, Angus J"]
[Result "0-1"]
[WhiteElo "1914"]
[BlackElo "2386"]
[PlyCount "50"]
[EventDate "2012.07.07"]
[EventType "swiss"]
[EventRounds "9"]
[EventCountry "SCO"]
[Source "Chess Scotland"]
[SourceDate "2012.07.24"]

1. d4 g6 2. e4 d6 3. Nc3 c6 4. Be3 Nd7 5. Qd2 Bg7 6. Nf3 b5 7. Bd3 a6 8. O-O
Bb7 9. Ne2 c5 10. c3 Ngf6 11. d5 Ng4 12. Bg5 Nge5 13. Nxe5 Nxe5 14. f4 Nxd3 15.
Qxd3 h6 16. Bh4 Qd7 17. Qd2 f5 18. exf5 Qxf5 19. Rad1 Qg4 20. Bg3 O-O 21. h3
Qd7 22. Bh4 Rf5 23. Qc2 Rh5 24. Bf2 Qf5 25. Qc1 Qf7 0-1

[Event "119th Scottish Championship"]
[Site "Glasgow"]
[Date "2012.07.10"]
[Round "4"]
[White "Bannink, Bernard"]
[Black "McGowan, Daniel"]
[Result "1-0"]
[WhiteElo "2258"]
[BlackElo "2101"]
[PlyCount "87"]
[EventDate "2012.07.07"]
[EventType "swiss"]
[EventRounds "9"]
[EventCountry "SCO"]
[Source "Chess Scotland"]
[SourceDate "2012.07.24"]

1. d4 e6 2. Nf3 Nf6 3. Bg5 Be7 4. Nbd2 d5 5. e3 Nbd7 6. Bd3 O-O 7. Qe2 b6 8. c3
Bb7 9. Bxf6 Nxf6 10. Ne5 Ne4 11. Nxe4 dxe4 12. Ba6 Bxa6 13. Qxa6 Qd6 14. O-O f5
15. Rad1 Bf6 16. f4 exf3 17. Nxf3 Qd5 18. b3 Be7 19. Qe2 Rae8 20. c4 Qe4 21.
Nd2 Qh4 22. Rf3 Bd6 23. Rh3 Qe7 24. e4 e5 25. d5 fxe4 26. Nxe4 Rf7 27. Rf3 Ref8
28. Rdf1 Rxf3 29. Rxf3 Rxf3 30. Qxf3 Qh4 31. g3 Qh6 32. Kg2 Qg6 33. h4 h6 34.
h5 Qe8 35. Qf5 Qe7 36. Qc8+ Kh7 37. Qf5+ Kg8 38. Kh3 Qf7 39. Kg4 Qe7 40. Qe6+
Qxe6+ 41. dxe6 Kf8 42. Kf5 Ke7 43. g4 c6 44. Kg6 1-0

[Event "119th Scottish Championship"]
[Site "Glasgow"]
[Date "2012.07.10"]
[Round "4"]
[White "Bejtovic, Jasmin"]
[Black "Barnaure, Vlad Victor"]
[Result "0-1"]
[WhiteElo "2385"]
[BlackElo "2511"]
[PlyCount "122"]
[EventDate "2012.07.07"]
[EventType "swiss"]
[EventRounds "9"]
[EventCountry "SCO"]
[Source "Chess Scotland"]
[SourceDate "2012.07.24"]

1. c4 b6 2. Nf3 Bb7 3. g3 Bxf3 4. exf3 c5 5. d4 cxd4 6. Qxd4 Nc6 7. Qd1 g6 8.
Bg2 Bg7 9. O-O Rc8 10. Qe2 Nh6 11. Nc3 Nf5 12. Bd2 Nfd4 13. Qd1 O-O 14. b3 a6
15. a4 Rb8 16. f4 b5 17. axb5 axb5 18. Rb1 e6 19. Nxb5 Nxb5 20. cxb5 Nd4 21. b6
Qxb6 22. Be3 Qb4 23. Bxd4 Bxd4 24. Qd3 d5 25. Rfc1 Rfc8 26. Bf3 Rxc1+ 27. Rxc1
Qa3 28. Rc2 Rb4 29. Bd1 Kg7 30. Re2 Qa1 31. Kg2 Bxf2 32. f5 Bc5 33. fxe6 Rd4
34. Qc2 Qxd1 35. Qxd1 Rxd1 36. e7 Bxe7 37. Rxe7 Rd2+ 38. Kg1 Kf6 39. Rb7 h5 40.
b4 Rb2 41. b5 Ke6 42. Rb8 Kd6 43. b6 Kc5 44. b7 Kc6 45. Rc8+ Kxb7 46. Rf8 f5
47. Rf7+ Kc6 48. Rf6+ Kc5 49. Rxg6 d4 50. Kf1 d3 51. Ke1 Kd5 52. h4 Rg2 53. Rg8
Ke4 54. Re8+ Kf3 55. Rd8 d2+ 56. Kd1 Kxg3 57. Rg8+ Kh3 58. Rg5 f4 59. Rxh5 f3
60. Rf5 f2 61. Kc2 Rg1 0-1

[Event "119th Scottish Championship"]
[Site "Glasgow"]
[Date "2012.07.10"]
[Round "4"]
[White "Holmes, Donald A"]
[Black "Aagaard, Jacob"]
[Result "0-1"]
[WhiteElo "2271"]
[BlackElo "2506"]
[PlyCount "48"]
[EventDate "2012.07.07"]
[EventType "swiss"]
[EventRounds "9"]
[EventCountry "SCO"]
[Source "Chess Scotland"]
[SourceDate "2012.07.24"]

1. d4 Nf6 2. c4 e6 3. Nf3 d5 4. Nc3 c6 5. Bg5 h6 6. Bh4 dxc4 7. e4 g5 8. Bg3 b5
9. Ne5 h5 10. h4 g4 11. Bf4 Bg7 12. f3 Bb7 13. Bg5 Qc7 14. Qd2 a6 15. O-O-O
Nfd7 16. Nxd7 Nxd7 17. e5 c5 18. d5 Nxe5 19. dxe6 fxe6 20. f4 Nc6 21. Bxc4 bxc4
22. Nd5 Qf7 23. Nb6 O-O 24. Nxa8 Bxa8 0-1

[Event "119th Scottish Championship"]
[Site "Glasgow"]
[Date "2012.07.11"]
[Round "5"]
[White "Jelfs, Alan"]
[Black "Orr, Mark J L"]
[Result "0-1"]
[WhiteElo "1852"]
[BlackElo "2260"]
[PlyCount "70"]
[EventDate "2012.07.07"]
[EventType "swiss"]
[EventRounds "9"]
[EventCountry "SCO"]
[Source "Chess Scotland"]
[SourceDate "2012.07.24"]

1. d4 Nf6 2. c4 e6 3. Nf3 d5 4. Bg5 Nbd7 5. Nc3 c6 6. e3 Qa5 7. cxd5 Nxd5 8.
Qd2 Bb4 9. Rc1 O-O 10. Bd3 Re8 11. O-O Nxc3 12. bxc3 Ba3 13. Rcd1 e5 14. Qc2 h6
15. Bh4 exd4 16. exd4 Nf8 17. Rde1 Be6 18. Ne5 Be7 19. Bxe7 Rxe7 20. Re2 Rae8
21. Rfe1 c5 22. a4 cxd4 23. cxd4 Qb4 24. Bb5 Rd8 25. Rb1 Qxd4 26. Nf3 Qb6 27.
Bd7 Qd6 28. Bxe6 Nxe6 29. Rd2 Qc7 30. Rxd8+ Nxd8 31. Qxc7 Rxc7 32. Kf1 Kf8 33.
Ke2 Rc4 34. Ra1 Ne6 35. Kd3 Rxa4 0-1

[Event "119th Scottish Championship"]
[Site "Glasgow"]
[Date "2012.07.11"]
[Round "5"]
[White "Findlay, James"]
[Black "Aird, Ian"]
[Result "0-1"]
[WhiteElo "1746"]
[BlackElo "2000"]
[PlyCount "74"]
[EventDate "2012.07.07"]
[EventType "swiss"]
[EventRounds "9"]
[EventCountry "SCO"]
[Source "Chess Scotland"]
[SourceDate "2012.07.24"]

1. d4 d6 2. c4 e5 3. d5 f5 4. Nc3 Nf6 5. Bg5 Be7 6. Bxf6 Bxf6 7. e4 O-O 8. Bd3
g6 9. Nf3 Na6 10. h4 Nc5 11. Bc2 a5 12. Qd2 Bd7 13. h5 g5 14. g3 g4 15. Nh4 Bg5
16. Qe2 f4 17. Nf5 f3 18. Qd1 Qf6 19. Nh4 Qf7 20. Nf5 Rae8 21. h6 Bxf5 22. exf5
e4 23. Qd4 Qf6 24. Qxf6 Rxf6 25. Nb5 e3 26. Nd4 exf2+ 27. Kf1 Ne4 28. Bxe4 Rxe4
29. Ne6 Bd2 30. Rh5 Rxc4 31. b3 Rc2 32. Rh4 Rxh6 33. Rxg4+ Kf7 34. Rh4 Rxh4 35.
gxh4 Kf6 36. Ng5 Bxg5 37. hxg5+ Kxg5 0-1

[Event "119th Scottish Championship"]
[Site "Glasgow"]
[Date "2012.07.11"]
[Round "5"]
[White "Robertson, Jim"]
[Black "Quinn, David"]
[Result "0-1"]
[WhiteElo "1696"]
[BlackElo "1969"]
[PlyCount "82"]
[EventDate "2012.07.07"]
[EventType "swiss"]
[EventRounds "9"]
[EventCountry "SCO"]
[Source "Chess Scotland"]
[SourceDate "2012.07.24"]

1. d4 Nf6 2. e3 g6 3. Bd3 Bg7 4. f4 O-O 5. Nf3 d6 6. c3 Nbd7 7. O-O b6 8. f5
gxf5 9. Bxf5 Ba6 10. Bd3 Bb7 11. Qe1 Be4 12. Bxe4 Nxe4 13. Nbd2 Ndf6 14. Qh4 d5
15. Nxe4 Nxe4 16. Ng5 Nxg5 17. Qxg5 e6 18. Qg3 f5 19. a4 Rf6 20. Rf3 Rg6 21.
Qf2 Qd6 22. Bd2 Kh8 23. Rg3 Rxg3 24. Qxg3 Qxg3 25. hxg3 Rg8 26. Rf1 Bf8 27. Be1
Bd6 28. Rf3 Kg7 29. b3 Kf6 30. c4 c5 31. cxd5 exd5 32. dxc5 bxc5 33. Kh2 Ke6
34. a5 Rb8 35. b4 cxb4 36. Rf2 Be5 37. Rc2 b3 38. Rc6+ Bd6 39. Rc1 b2 40. Rb1
Be5 41. Kh3 Rb3 0-1

[Event "119th Scottish Championship"]
[Site "Glasgow"]
[Date "2012.07.11"]
[Round "5"]
[White "Eggink, Gerhard"]
[Black "Kleboe, Jim PR"]
[Result "1-0"]
[WhiteElo "1965"]
[BlackElo "1866"]
[PlyCount "85"]
[EventDate "2012.07.07"]
[EventType "swiss"]
[EventRounds "9"]
[EventCountry "SCO"]
[Source "Chess Scotland"]
[SourceDate "2012.07.24"]

1. d4 f5 2. c4 Nf6 3. Nc3 e6 4. g3 Bb4 5. Bg2 O-O 6. Nf3 d6 7. O-O c6 8. Qb3
Ba5 9. Bd2 Qe8 10. Bf4 Bc7 11. c5 Qe7 12. cxd6 Bxd6 13. Ne5 Nd5 14. Nxd5 exd5
15. e4 fxe4 16. Bxe4 Be6 17. Bg2 a5 18. a3 a4 19. Qe3 Bf7 20. Rfe1 Bxe5 21.
Bxe5 Nd7 22. f4 Rfe8 23. Qc3 Nb6 24. Bxg7 Qd7 25. Be5 Nc4 26. h3 Ra6 27. Bf1
Rb6 28. Bxc4 dxc4 29. Kh2 Rb3 30. Qc2 b5 31. Rad1 Qd5 32. Qe2 Qe6 33. Rd2 Rd8
34. Rc2 c5 35. Qe4 cxd4 36. f5 Qe7 37. Qg4+ Kf8 38. Bg7+ Ke8 39. Rxe7+ Kxe7 40.
Qe4+ Kd7 41. Qxd4+ Kc7 42. Qc5+ Kb8 43. Be5+ 1-0

[Event "119th Scottish Championship"]
[Site "Glasgow"]
[Date "2012.07.11"]
[Round "5"]
[White "Karlsson, Mikael"]
[Black "Einarsson, Oskar Long"]
[Result "1-0"]
[WhiteElo "1929"]
[BlackElo "1587"]
[PlyCount "97"]
[EventDate "2012.07.07"]
[EventType "swiss"]
[EventRounds "9"]
[EventCountry "SCO"]
[Source "Chess Scotland"]
[SourceDate "2012.07.24"]

1. c4 Nf6 2. g3 g6 3. Bg2 Bg7 4. Nc3 O-O 5. Nf3 c6 6. O-O d5 7. d4 Bf5 8. Qb3
Qb6 9. Qxb6 axb6 10. cxd5 cxd5 11. e3 Nc6 12. Bd2 Ra6 13. Rfd1 Rfa8 14. Nh4 Bc2
15. Rdc1 Bb3 16. Bf1 Ra5 17. a3 e5 18. dxe5 Nxe5 19. Nb5 Ra4 20. Bc3 Ne4 21.
Bd4 Nc6 22. Bxg7 Kxg7 23. Nf3 Kf6 24. Nbd4 Na5 25. Bb5 Rc4 26. Bxc4 dxc4 27.
Ne1 Nc5 28. Nef3 Nd3 29. Rcb1 Nc6 30. Nxb3 cxb3 31. Rd1 Nc5 32. Nd4 Na5 33. Nb5
Nc4 34. Rab1 Ke7 35. Rd4 Ne5 36. Kg2 Rc8 37. Nc3 Nc6 38. Nd5+ Ke6 39. Nxb6 Rc7
40. Rc4 Ne5 41. Rc3 Rc6 42. Rd1 Ke7 43. Nd5+ Ke6 44. Nb4 Rc7 45. Nd3 Ned7 46.
Nf4+ Ke7 47. Nd5+ Kd8 48. Nxc7 Kxc7 49. Rxd7+ 1-0

[Event "119th Scottish Championship"]
[Site "Glasgow"]
[Date "2012.07.11"]
[Round "5"]
[White "Thomas, Phil"]
[Black "Hardarson, Jon Trausti"]
[Result "0-1"]
[WhiteElo "1900"]
[BlackElo "1774"]
[PlyCount "70"]
[EventDate "2012.07.07"]
[EventType "swiss"]
[EventRounds "9"]
[EventCountry "SCO"]
[Source "Chess Scotland"]
[SourceDate "2012.07.24"]

1. e4 e6 2. e5 d5 3. exd6 Bxd6 4. d4 Nf6 5. Nf3 O-O 6. Bg5 Nbd7 7. Be2 c5 8.
O-O cxd4 9. Qxd4 Bc5 10. Qc3 b6 11. Rd1 Qc7 12. Nbd2 Bb7 13. Bxf6 Nxf6 14. Rf1
Rac8 15. Rac1 Rfd8 16. Nb3 Qf4 17. Qe5 Qh6 18. Rcd1 Rxd1 19. Bxd1 Ba6 20. Nxc5
Bxf1 21. Nxe6 Re8 22. Kxf1 Rxe6 23. Qd4 Qg6 24. Nd2 Qf5 25. h3 Re8 26. c4 Qa5
27. Bb3 b5 28. Nf3 Rd8 29. Qe5 a6 30. c5 Re8 31. Qf4 Qd8 32. Ne5 Re7 33. c6 Qd6
34. Bxf7+ Rxf7 35. Kg1 Re7 0-1

[Event "119th Scottish Championship"]
[Site "Glasgow"]
[Date "2012.07.11"]
[Round "5"]
[White "Pyrich, George"]
[Black "Mirza, Gabriel"]
[Result "1-0"]
[WhiteElo "2007"]
[BlackElo "1772"]
[PlyCount "94"]
[EventDate "2012.07.07"]
[EventType "swiss"]
[EventRounds "9"]
[EventCountry "SCO"]
[Source "Chess Scotland"]
[SourceDate "2012.07.24"]

1. d4 d6 2. c4 g6 3. Nc3 Bg7 4. e4 e5 5. Nge2 Ne7 6. Be3 f5 7. f3 a5 8. Qd2 f4
9. Bf2 O-O 10. O-O-O Bd7 11. Kb1 a4 12. dxe5 Bxe5 13. c5 b5 14. cxb6 cxb6 15.
Nd4 Qc8 16. Rc1 Qe8 17. Ndb5 Bxc3 18. Nxc3 Nc8 19. Nd5 Ra7 20. Nc7 Qd8 21. Bc4+
Kg7 22. Bd4+ Kh6 23. Nd5 Nc6 24. Nxf4 g5 25. Ne2 Nxd4 26. Nxd4 Qf6 27. h4 Kg6
28. hxg5 Qxg5 29. Qxg5+ Kxg5 30. Rxh7 a3 31. Rxd7 axb2 32. Kxb2 Rh8 33. Rxa7
Nxa7 34. Be6 Kf4 35. Rc7 Ke5 36. Kc3 Nb5+ 37. Nxb5 Kxe6 38. Rc6 Rh2 39. Rxd6+
Ke5 40. Rd5+ Ke6 41. Nd4+ Ke7 42. Rg5 Rh1 43. e5 Rc1+ 44. Kb2 Rc4 45. Ne2 b5
46. Kb3 Rc5 47. f4 Kf7 1-0

[Event "119th Scottish Championship"]
[Site "Glasgow"]
[Date "2012.07.11"]
[Round "5"]
[White "Parks, Joe"]
[Black "Durno, Joy"]
[Result "1-0"]
[WhiteElo "1910"]
[BlackElo "1729"]
[PlyCount "61"]
[EventDate "2012.07.07"]
[EventType "swiss"]
[EventRounds "9"]
[EventCountry "SCO"]
[Source "Chess Scotland"]
[SourceDate "2012.07.24"]

1. d4 Nf6 2. c4 g6 3. Nc3 Bg7 4. e4 d6 5. f4 O-O 6. Nf3 c5 7. d5 e6 8. Be2 exd5
9. cxd5 Re8 10. Nd2 a6 11. a4 Nbd7 12. O-O Qc7 13. Re1 b6 14. Bf3 Rb8 15. g4 h6
16. Nf1 Nh7 17. e5 dxe5 18. d6 Qd8 19. Nd5 exf4 20. Ne7+ Kh8 21. Bxf4 Bb7 22.
Bxb7 Bd4+ 23. Be3 Rxb7 24. Bxd4+ cxd4 25. Qxd4+ Ndf6 26. Nc6 Qc8 27. Ne5 Kg8
28. Rac1 Qd8 29. Nc6 Qd7 30. Rxe8+ Nxe8 31. Ne7+ 1-0

[Event "119th Scottish Championship"]
[Site "Glasgow"]
[Date "2012.07.11"]
[Round "5"]
[White "Smith, Stephen H"]
[Black "Tsang, Sai Kong"]
[Result "0-1"]
[WhiteElo "1805"]
[BlackElo "1895"]
[PlyCount "82"]
[EventDate "2012.07.07"]
[EventType "swiss"]
[EventRounds "9"]
[EventCountry "SCO"]
[Source "Chess Scotland"]
[SourceDate "2012.07.24"]

1. e4 c5 2. Nf3 Nc6 3. d4 cxd4 4. Nxd4 Nf6 5. Nc3 e6 6. Be2 d6 7. O-O Be7 8.
Be3 O-O 9. Kh1 a6 10. a4 Qc7 11. f4 Rd8 12. Nb3 b6 13. Bf3 Bb7 14. Qe2 Bf8 15.
Qf2 Nd7 16. Rad1 Nc5 17. Rd2 Rd7 18. Rfd1 Rad8 19. Nd4 Nb4 20. Nde2 Bc6 21. b3
Qb7 22. Ng3 d5 23. e5 Qc8 24. a5 d4 25. Bxd4 Bxf3 26. gxf3 bxa5 27. Nge4 Nxe4
28. Nxe4 h6 29. c3 Nc6 30. Qg3 Kh8 31. c4 Ne7 32. Nd6 Nf5 33. Nxf5 exf5 34. Qf2
Qc6 35. Qe2 Bb4 36. Rd3 a4 37. e6 fxe6 38. bxa4 Kh7 39. Qc2 Rxd4 40. Rxd4 Qxf3+
41. Qg2 Qxd1+ 0-1

[Event "119th Scottish Championship"]
[Site "Glasgow"]
[Date "2012.07.11"]
[Round "5"]
[White "Lees, Fraser A"]
[Black "Kelly, J Steven"]
[Result "1/2-1/2"]
[WhiteElo "1648"]
[BlackElo "1889"]
[PlyCount "117"]
[EventDate "2012.07.07"]
[EventType "swiss"]
[EventRounds "9"]
[EventCountry "SCO"]
[Source "Chess Scotland"]
[SourceDate "2012.07.24"]

1. e4 c6 2. d4 d5 3. e5 Bf5 4. Nc3 e6 5. g4 Bg6 6. Nge2 Qb6 7. h4 h5 8. Nf4 Ne7
9. Na4 Qa5+ 10. c3 hxg4 11. b4 Qc7 12. Qxg4 Bf5 13. Qg3 a5 14. b5 Bc2 15. Nxe6
fxe6 16. Nc5 Nf5 17. Qg6+ Qf7 18. Qxe6+ Qxe6 19. Nxe6 Kd7 20. Nxf8+ Rxf8 21. a4
cxb5 22. axb5 Ke6 23. Ba3 Rh8 24. h5 Nd7 25. Be2 Nh6 26. Kd2 Bf5 27. Rhg1 Rhg8
28. c4 Nb6 29. c5 Nc4+ 30. Bxc4 dxc4 31. Kc3 Bd3 32. Rg5 Nf5 33. Rag1 Rad8 34.
Rg6+ Kd5 35. e6 Nxd4 36. R1g5+ Bf5 37. e7 Nxb5+ 38. Kb2 c3+ 39. Kc1 Rde8 40.
Rxf5+ Kc4 41. c6 Nxa3 42. Rxa5 bxc6 43. Rxa3 Rxe7 44. Rxc6+ Kd5 45. Rcxc3 Re2
46. f4 Rh2 47. Ra5+ Kd4 48. Rc2 Rh1+ 49. Kb2 Rb8+ 50. Ka2 Rbb1 51. Ra4+ Kd3 52.
Rb2 Ra1+ 53. Kb3 Rxa4 54. Kxa4 Rxh5 55. Rb7 Rh7 56. f5 Rh4+ 57. Kb5 Rg4 58. Re7
Rg5 59. Kc6 1/2-1/2

[Event "119th Scottish Championship"]
[Site "Glasgow"]
[Date "2012.07.11"]
[Round "5"]
[White "Campbell, Eoin"]
[Black "Mirza, Diana"]
[Result "1-0"]
[WhiteElo "1868"]
[BlackElo "1668"]
[PlyCount "105"]
[EventDate "2012.07.07"]
[EventType "swiss"]
[EventRounds "9"]
[EventCountry "SCO"]
[Source "Chess Scotland"]
[SourceDate "2012.07.24"]

1. Nf3 Nf6 2. c4 g6 3. g3 Bg7 4. Bg2 O-O 5. O-O d6 6. d4 Nbd7 7. Nc3 c5 8. d5
a6 9. Re1 Rb8 10. a4 Nb6 11. Qd3 Bg4 12. h3 Bd7 13. a5 Na8 14. e4 b5 15. axb6
Qxb6 16. e5 Bf5 17. Qe2 dxe5 18. Nxe5 Bd7 19. Nxd7 Nxd7 20. Bf4 Rbc8 21. Qd2
Qa7 22. Nb5 Qb6 23. d6 e5 24. Nc7 Nxc7 25. dxc7 Qxc7 26. Be3 Rcd8 27. Qa5 Qxa5
28. Rxa5 Rb8 29. Rd1 Rfd8 30. Rxa6 Nf6 31. Rxd8+ Rxd8 32. Bxc5 Nd7 33. Be3 Rc8
34. Ra8 Rxa8 35. Bxa8 Bf8 36. Ba7 f5 37. Bc6 Bc5 38. Bxc5 Nxc5 39. b4 Na6 40.
b5 Nb8 41. Bd5+ Kf8 42. c5 Ke7 43. c6 Kd6 44. Bg8 h6 45. Bh7 g5 46. Bxf5 Nxc6
47. bxc6 Kxc6 48. Be4+ Kd6 49. Kg2 Ke6 50. Kf3 Kf6 51. Kg4 Kf7 52. Kh5 Kg7 53.
g4 1-0